000 00941nam a2200229Ia 4500
003 Ost
005 20260507075234.0
008 260507s9999||||xx |||||||||||||| ||und||
020 _a42567099579
040 _cfsecg
041 _aara
082 _a330
100 _aالظاهر، نعيم ابرهيم
_eمؤلف
245 0 _aإدارة العولمة و أنواعها /
_c نعيم ابرهيم الظاهر
260 _aاربد:
_bعالم الكتب الحديث,
_c2009
300 _a440 صفحة؛
_c24 سم
504 _aمراجع ص.429
520 _aماهية العولمة و أنواعها ، العولمة الاقتصادية ، العولمة السياسية و العولمة الثقافية ، ، ‘دارة العولمة في العالم ، العرب و العولمة ،العولمة و الاسلام .
653 _aالاقتصاد الدولي
653 _aالعولمة
942 _cكتاب
999 _c43578
_d43578